US States Without Letters U S Or A - Statistics

General Stats
  • This quiz has been taken 52 times
    24 since last reset
  • The average score is 3 of 6
Answer Stats
Answer % Correct
Ohio
79%
Vermont
71%
New Mexico
50%
New York
50%
Oregon
50%
Wyoming
43%
No matching quizzes found
Score Distribution
Percent of People with Each Score
Percentile by Number Answered
Your Score History
You have not taken this quiz since the last reset